00442nam a2200169Ia 450000500170000000800410001704000190005804100120007708200140008910000280010324500620013126000240019330000100021750400190022765000150024685000110026120240327150046.0131103s9999 xx 000 0 und d aLoreto College aEnglish a157 bMCD aMcdougall,William,F.R.S 3aAn Outline of Normal PsychologycWilliam Mcdougall,F.R.S. aLondonb[S.N]c1926 a580p  aIncludes Index aPsychology aLCBED